| 000 | 00764nam a2200229Ia 4500 | ||
|---|---|---|---|
| 003 | GCL | ||
| 008 | 140319s9999 xx 000 0 ara d | ||
| 040 |
_aGCL / _cGCL |
||
| 082 | 0 | 4 |
_aق _b962.24 _bم ح |
| 100 | 1 | _aالمجلس القومى للانتاج الشئون ا | |
| 245 | 1 | 0 |
_aحصر الثروة السياحية فى محافظة المنيا / _cالمجلس القومى للانتاج الشئون ا |
| 300 | _a107 ص | ||
| 490 | _a | ||
| 650 | 0 | 4 | _aمصر القديمة |
| 650 | 0 | 4 | _aالتنمية الاقتصادية |
| 650 | 0 | 4 | _aالسياحة |
| 650 | 0 | 4 | _aالاثار الاسلامية |
| 650 | 0 | 4 | _aالمنيا |
| 650 | 0 | 4 | _aالسياحة والدولة |
| 650 | 0 | 4 | _aالجغرافيا السياحية |
| 942 |
_2ddc _cBK |
||
| 999 |
_c40025 _d40025 |
||